Responses for Show #5197 - Tuesday, March 27, 2007

Doug Hicton game 3.

Contestants

[<< previous game]

Betsy Bangs, a retired art teacher from Fraser, Michigan

Khoa Le, a stock trader from New York, New York

Doug Hicton, a composer originally from Regina, Saskatchewan, Canada (whose 2-day cash winnings total $54,099)

[next game >>]

Jeopardy! Round responses

IT WAS A VERY GOOD YEAR
WITCHCRAFT
MY KIND OF TOWN
LOVE & MARRIAGE
ALL THE "WAY"
FRANK SINATRA
    $200 1
1933

Doug
    $200 2
a duck

Doug
    $200 3
South Bend

Khoa
    $200 7
June

Doug
    $200 4
a fairway

Khoa
    $200 6
"My Way"

Doug
    $400 14
1969

Khoa
    $400 9
a coven

Betsy
    $400 27
Concord

Doug
    $400 23
Benjamin Franklin

Khoa
    $400 5
a stowaway

Doug
    $400 19
the heap

Doug
    $600 12
1944

Khoa
    $600 10
Exodus

Doug
    $600 28
Gene Autry

Khoa
    $600 24
Eros

Khoa
    $600 16
Steinway

Khoa
    $600 20
From Here to Eternity

Doug
    $800 13
1927

Doug
    $800 11
a familiar

Doug
    $800 29
Waterloo

Khoa
    $800 25
the Kama Sutra

Doug
    $800 17
the airway

Betsy
    $800 21
(Alex: Yes, his daughter.)

Nancy Sinatra

Doug
    $1000 8
(Doug: What's 1912?)

1911

DougBetsy
    $1,400 15
(Khoa: What are...)
(Alex: Hurry...)
(Khoa: It's A Wonderful Life?)
(Alex: No, what are [*]. Ring the [*], light the [*], open the [*].)

bell, book & candle

Khoa
    $1000 30
Branson

Khoa
    $1000 26
chuppah

Betsy
    $1000 18
a causeway

Doug
    $1000 22
(2 of) Nancy, Ava, Mia, & Barbara

Triple Stumper

Scores at the first commercial break (after clue 15):

Doug Khoa Betsy
$2,400 $0 $1,400

Scores at the end of the Jeopardy! Round:

Doug Khoa Betsy
$6,400 $4,000 $3,200

Double Jeopardy! Round responses

THE LATE PRESIDENT FORD
3-LETTER WORDS
OPERA IN OTHER WORDS
VIDEOPOURRI
POETS & POETRY
ROBOTS & ANDROIDS
(Alex: Thank you, R2-D2.)
    $400 1
Omaha

Doug
    $400 2
vie

Doug
    $400 3
The Magic Flute

Khoa
    $400 9
The Birth of Venus

Doug
    $400 10
(Doug: What is absinthe?)

wine

Doug
Triple Stumper
    $400 4
a Terminator

Khoa
    $800 11
Grand Rapids

Doug
    $800 23
(Betsy: What's a hull?)

a pod

DougBetsy
    $800 15
Salome

Doug
    $800 19
the squirrel monkey

Triple Stumper
    $800 27
Keats

Doug
    $800 5
(Doug: What are Runners?)
...
(Alex: What are [*]. [*], who became runners.)

Replicants

Doug
Triple Stumper
    $1200 12
Agnew

Doug
    $1200 24
an orb

Betsy
    $1200 16
Madame Butterfly

Betsy
    $1200 20
the Sombrero (Galaxy)

Betsy
    $1200 28
Death

Betsy
    $1200 6
Battlebots

Doug
    $4,500 13
the Warren Commission

Doug
    $1600 25
nix

Triple Stumper
    $1600 17
The Barber of Seville

Betsy
    $1600 21
Libya

Khoa
    $1600 29
Manhattan

Triple Stumper
    $1600 7
Robby

Betsy
    $2000 14
the Washington National Cathedral

Betsy
    $2000 26
(Khoa: What is Abu?)
(Doug: What is Ben?...[*]?)

Bin (or Ibn)

DougKhoa
    $3,000 18
Fidelio

Betsy
    $2000 22
Victoria Woodhull

Doug
    $2000 30
(William Butler) Yeats

Khoa
    $2000 8
Mystery Science Theater 3000

Doug

Scores at the end of the Double Jeopardy! Round:

Doug Khoa Betsy
$22,500 $6,400 $15,400

[wagering suggestions for these scores]

Final Jeopardy! Round responses

ART HISTORY
(Alex: There are certainly similarities to the master's works.)
KhoaWho is Rembrandt?
$6,400
BetsyWho is Rembrandt?
$7,101
DougWho was Rembrandt?
$8,301
Rembrandt

Final scores:

Doug Khoa Betsy
$30,801 $12,800 $22,501
3-day champion: $84,900 3rd place: $1,000 2nd place: $2,000

Game dynamics:

Coryat scores:

Doug Khoa Betsy
$19,600 $7,800 $14,400
27 R
(including 1 DD),
3 W
14 R,
2 W
(including 1 DD)
12 R
(including 1 DD),
1 W

Combined Coryat: $41,800

[game] [game scores] [suggest correction]

Game tape date: 2007-01-23
The J! Archive is created by fans, for fans. Scraping, republication, monetization, and malicious use prohibited; this site may use cookies and collect identifying information. See terms. The Jeopardy! game show and all elements thereof, including but not limited to copyright and trademark thereto, are the property of Jeopardy Productions, Inc. and are protected under law. This website is not affiliated with, sponsored by, or operated by Jeopardy Productions, Inc. Join the discussion at JBoard.tv.